• 首页
  • 本馆介绍
  • 公告通知
  • 最新文献
  • 馆藏检索
  • 电子资源
  • 读者导购
  • 参考咨询
  • 我的图书馆
  • 登录
  • 详细信息显示
  • 放入我的书架
  • 预约/预借图书
  • 作者相关作品
  • 分类相关作品
  • 丛书相关作品
  • 出版社相关作品

书目信息

  • 表格格式
  • 工作单格式
  • 卡片格式
题名:
中国官僚政治研究
    
 
作者: 王亚南 著
分册:  
出版信息: 北京   中国社会科学出版社  1981
页数: 184页
开本: 20cm
丛书名:
单 册:
中图分类: D69
科图分类:
主题词: 政治制度--研究--中国--古代
电子资源:
ISBN: 7-5004-0789-0
000 00931nam0 2200289 450
000 00894nam0 2200277 450
000 00892nam0 2200289 450
000 00838nam0 2200265 450
000 00867nam0 2200253 450
000 00830nam0 2200241 45
001 TS2006025244
005 20061226171305.21
010    @a7-5004-0789-0@dCNY18.00
100    @a20060829d20051981ekmy0chiy0121 ea
101 0  @achi
102    @aCN@b110000
105    @ac z 000yy
200 1  @a中国官僚政治研究@AZhong Guo Guan Liao Zheng Zhi Yan Jiu@f王亚南著@FWang Ya Nan Zhu
210    @a北京@c中国社会科学出版社@d1981@h2005年2月第7次印刷
215    @a184页@c照片@d20cm
606 0  @a政治制度@x研究@y中国@z古代
690    @aD69@v4
701  0 @a王亚南@AWang Ya Nan@4著
801  0 @aCN@b中图数据@c20061226
905    @a10447@dD69@e124
    
    中国官僚政治研究/王亚南著.-北京:中国社会科学出版社,1981(2005年2月第7次印刷)
    184页:照片;20cm
    
    
    ISBN 7-5004-0789-0:CNY18.00
    
●
相关链接 在E读中查询图书 在五车中查询图书 在当当中查询图书 在豆瓣中查询图书


正题名:中国官僚政治研究     索取号:D69/124         预约/预借

序号 登录号 条形码 馆藏地/架位号 状态 备注
1 0605541   206055418   第一样本阅览室/ [索取号:D69/124] 在馆    
2 0605542   206055427   第一借阅区/ [索取号:D69/124] 在馆    
3 0605543   206055436   第一借阅区/ [索取号:D69/124] 在馆    
4 0605544   206055445   第一借阅区/ [索取号:D69/124] 在馆    
5 0605545   206055454   第一借阅区/ [索取号:D69/124] 在馆    
6 0605546   206055463   第一借阅区/ [索取号:D69/124] 在馆    
唐山师范学院图书馆 欢迎您!
大连网信软件有限公司© 版权所有